[Event "Palmira op-B"]
[Site "Palmira"]
[Date "2022.12.17"]
[Round "6"]
[White "Diaz Recalde, Nestor"]
[Black "Velez Alvarez, Laura Camila"]
[Result "0-1"]
[WhiteElo "1715"]
[BlackElo "1748"]
[PlyCount "131"]
[EventDate "2022.12.14"]
[EventType "swiss"]
[EventRounds "8"]
[EventCountry "COL"]
[SourceTitle "CBM 211 Extra"]
[Source "ChessBase"]
[SourceDate "2023.01.31"]
[SourceVersion "1"]
[SourceVersionDate "2023.01.31"]
[SourceQuality "1"]

1. d4 Nf6 2. Nc3 g6 3. e4 d6 4. h3 Bg7 5. Nf3 0-0 6. Bd3 c6 7. 0-0 a6 8. Be3 b5 9. Qd2 Nbd7 10. Rad1 Nb6 11. b3 Bb7 12. Bh6 Qc7 13. Bxg7 Kxg7 14. e5 Nfd5 15. Nxd5 cxd5 16. Rfe1 dxe5 17. Nxe5 Nd7 18. Ng4 Qd6 19. Qh6+ Kg8 20. Re3 Nf6 21. Ne5 Ne4 22. Rde1 f5 23. f3 f4 24. R3e2 Qb4 25. Kh2 Qxd4 26. Nxg6 hxg6 27. Qxg6+ Qg7 28. Qxg7+ Kxg7 29. fxe4 d4 30. e5 Rac8 31. Rf2 Rf7 32. Ref1 Rcf8 33. g3 f3 34. g4 Rf4 35. Kg3 e6 36. Ra1 R4f7 37. a4 Rc8 38. axb5 axb5 39. Ra5 Rc5 40. Rxb5 Rfc7 41. Rb4 Rd7 42. Bb5 Rdc7 43. Bd3 Rd7 44. Rb6 Rxe5 45. Kf4 Re1 46. Rb5 Rf7+ 47. Kg3 e5 48. Bc4 Rd7 49. Rf1 Rxf1 50. Bxf1 e4 51. Rg5+ Kh6 52. h4 e3 53. Bd3 Rd6 54. Re5 f2 55. g5+ Kg7 56. Re7+ Kf8 57. Rxb7 Re6 58. Rb8+ Kg7 59. Be2 Rc6 60. Rb7+ Kg8 61. Kf3 Rxc2 62. Rd7 f1Q+ 63. Bxf1 Rf2+ 64. Kg3 Rxf1 65. Rxd4 e2 66. Rd2 0-1

[Event "Palmira op-B"]
[Site "Palmira"]
[Date "2022.12.16"]
[Round "5"]
[White "Diaz Recalde, Nestor"]
[Black "Mata Zambrano, Luis Enrique"]
[Result "0-1"]
[WhiteElo "1715"]
[BlackElo "1544"]
[PlyCount "72"]
[EventDate "2022.12.14"]
[EventType "swiss"]
[EventRounds "8"]
[EventCountry "COL"]
[SourceTitle "CBM 211 Extra"]
[Source "ChessBase"]
[SourceDate "2023.01.31"]
[SourceVersion "1"]
[SourceVersionDate "2023.01.31"]
[SourceQuality "1"]

1. c4 Nf6 2. Nc3 e5 3. d3 Bb4 4. Bd2 a5 5. e4 0-0 6. Nf3 Re8 7. Be2 c6 8. 0-0 d5 9. Qc2 d4 10. Nb1 Bf8 11. a3 a4 12. Bg5 Nbd7 13. Nbd2 Nc5 14. h3 Qd6 15. Nh2 h6 16. Bh4 g5 17. Bg3 Bg7 18. Qd1 Ra6 19. h4 Nh7 20. hxg5 hxg5 21. Ndf3 Qh6 22. Nd2 Nf8 23. b4 axb3 24. Nxb3 Na4 25. Bg4 Ne6 26. Bxe6 Qxe6 27. Qh5 f6 28. Rfc1 Qf7 29. Qxf7+ Kxf7 30. f3 Bf8 31. Be1 Be6 32. Kf2 Rea8 33. Bb4 c5 34. Bd2 Nb2 35. Ke2 Rxa3 36. Rxa3 Rxa3 0-1

[Event "Palmira op-B"]
[Site "Palmira"]
[Date "2022.12.15"]
[Round "3"]
[White "Diaz Recalde, Nestor"]
[Black "Morales Zambrano, Juan"]
[Result "0-1"]
[WhiteElo "1715"]
[BlackElo "1600"]
[PlyCount "90"]
[EventDate "2022.12.14"]
[EventType "swiss"]
[EventRounds "8"]
[EventCountry "COL"]
[SourceTitle "CBM 211 Extra"]
[Source "ChessBase"]
[SourceDate "2023.01.31"]
[SourceVersion "1"]
[SourceVersionDate "2023.01.31"]
[SourceQuality "1"]

1. c4 c5 2. d3 Nc6 3. Nf3 g6 4. Nc3 Bg7 5. e4 e6 6. Be2 Nge7 7. 0-0 a6 8. Be3 b6 9. Qd2 Nd4 10. Bd1 Bb7 11. Bh6 0-0 12. Bxg7 Kxg7 13. Nxd4 cxd4 14. Ne2 e5 15. f4 f6 16. Ng3 d6 17. b4 a5 18. a4 axb4 19. Qxb4 Nc6 20. Qb2 Rb8 21. f5 Ba6 22. Qd2 Qe7 23. h4 Na5 24. fxg6 hxg6 25. h5 Bc8 26. hxg6 Rh8 27. Rf5 Kxg6 28. Bh5+ Kh7 29. Qf2 Kg7 30. Rf3 Be6 31. Rf1 Rh6 32. Nf5+ Bxf5 33. Rxf5 Nb3 34. Qg3+ Kh7 35. Bd1 Rg8 36. Qf2 Nc5 37. Qf3 Ne6 38. Rxf6 Nf4 39. Rf5 Qh4 40. Rf7+ Kh8 41. Rxf4 exf4 42. Qxf4 Qh1+ 43. Kf2 Rxg2+ 44. Ke1 Qh4+ 45. Qxh4 Rxh4 0-1

[Event "COL pre olympic sf2"]
[Site "Palmira"]
[Date "2019.06.01"]
[Round "7"]
[White "Donneys, Franz"]
[Black "Diaz Recalde, Nestor"]
[Result "1/2-1/2"]
[WhiteElo "1624"]
[BlackElo "1772"]
[PlyCount "59"]
[EventDate "2019.05.29"]
[EventType "swiss"]
[EventRounds "10"]
[EventCountry "COL"]
[SourceTitle "CBM 190 Extra"]
[Source "ChessBase"]
[SourceDate "2019.07.15"]
[SourceVersion "1"]
[SourceVersionDate "2019.07.15"]
[SourceQuality "1"]

1. e4 e6 2. d4 d5 3. Nd2 Nf6 4. e5 Nfd7 5. c3 Be7 6. Bd3 0-0 7. Ne2 c5 8. 0-0 Nc6 9. f4 Qb6 10. Nf3 g6 11. Kh1 f5 12. Rb1 cxd4 13. Nexd4 Nc5 14. Bc2 Qd8 15. Be3 Bd7 16. a3 Ne4 17. g3 Rc8 18. Qe2 Kf7 19. Kg2 a6 20. Rh1 Rg8 21. h4 h5 22. Rhc1 Nxd4 23. Nxd4 Qa5 24. Bd2 Nxd2 25. Qxd2 Rc7 26. Nb3 Qb6 27. Qd4 Bc5 28. Nxc5 Qxc5 29. Qxc5 Rxc5 30. Rd1 1/2-1/2

[Event "COL pre olympic sf2"]
[Site "Palmira"]
[Date "2019.05.30"]
[Round "2"]
[White "Diaz Recalde, Nestor"]
[Black "Libreros Candelo, Juan Camilo"]
[Result "1/2-1/2"]
[WhiteElo "1772"]
[BlackElo "1404"]
[PlyCount "91"]
[EventDate "2019.05.29"]
[EventType "swiss"]
[EventRounds "10"]
[EventCountry "COL"]
[SourceTitle "CBM 190 Extra"]
[Source "ChessBase"]
[SourceDate "2019.07.15"]
[SourceVersion "1"]
[SourceVersionDate "2019.07.15"]
[SourceQuality "1"]

1. e4 e5 2. Bc4 Nf6 3. d3 Bc5 4. Nf3 Nc6 5. 0-0 h6 6. Nc3 0-0 7. Nd5 d6 8. h3 Re8 9. a3 a6 10. b4 Ba7 11. Be3 b5 12. Nxf6+ Qxf6 13. Bd5 Bb7 14. Bxa7 Rxa7 15. Qd2 Raa8 16. c3 Nd8 17. Ba2 Ne6 18. Bxe6 Qxe6 19. Nh2 d5 20. Qe2 f5 21. exf5 Qxf5 22. Qf3 Qxf3 23. Nxf3 e4 24. Nd4 Re5 25. f4 exf3 26. Rxf3 Rae8 27. Kf2 Rf8 28. a4 c6 29. axb5 cxb5 30. Rxf8+ Kxf8 31. Nf3 Re6 32. Re1 Rc6 33. Rc1 Re6 34. d4 Bc6 35. Ne5 Be8 36. Ke3 Ke7 37. Rf1 Rf6 38. Ra1 g5 39. Ng4 Re6+ 40. Kd2 Bh5 41. Ne3 Kd7 42. g4 Bf7 43. Nxd5 Rc6 44. Ne3 Rf6 45. Nf5 h5 46. Rf1 1/2-1/2

[Event "COL-chT Interligas"]
[Site "Palmira"]
[Date "2019.04.29"]
[Round "5.1"]
[White "Libreros Candelo, Juan Camilo"]
[Black "Diaz Recalde, Nestor"]
[Result "1/2-1/2"]
[WhiteElo "1404"]
[BlackElo "1772"]
[PlyCount "31"]
[EventDate "2019.04.27"]
[EventType "team-swiss"]
[EventRounds "6"]
[EventCountry "COL"]
[SourceTitle "CBM 190 Extra"]
[Source "ChessBase"]
[SourceDate "2019.07.15"]
[SourceVersion "1"]
[SourceVersionDate "2019.07.15"]
[SourceQuality "1"]
[WhiteTeam "Valle Talentos Palmira IV"]
[BlackTeam "Valle Talentos Palmira III"]
[WhiteTeamCountry "COL"]
[BlackTeamCountry "COL"]

1. e4 c5 2. Nf3 e6 3. d4 cxd4 4. Nxd4 a6 5. Be2 Bc5 6. Nb3 Ba7 7. Nc3 Nc6 8. 0-0 Nf6 9. Kh1 h6 10. f4 d6 11. Qd3 0-0 12. Qg3 Kh7 13. e5 Ng8 14. Qd3+ Kh8 15. exd6 Nb4 16. Qd1 1/2-1/2

[Event "Palmira op"]
[Site "Palmira"]
[Date "2018.09.23"]
[Round "7"]
[White "Diaz Recalde, Nestor"]
[Black "Medina Coneo, Arlintong"]
[Result "1-0"]
[WhiteElo "1793"]
[BlackElo "1721"]
[PlyCount "53"]
[EventDate "2018.09.20"]
[EventType "swiss"]
[EventRounds "7"]
[EventCountry "COL"]
[SourceTitle "CBM 187 Extra"]
[Source "ChessBase"]
[SourceDate "2018.11.04"]
[SourceVersion "1"]
[SourceVersionDate "2018.11.04"]
[SourceQuality "1"]

1. e4 c5 2. Nf3 e6 3. g3 Nc6 4. Bg2 d6 5. 0-0 Nf6 6. Re1 Qc7 7. c3 Be7 8. d4 cxd4 9. cxd4 0-0 10. Nc3 a6 11. Be3 e5 12. d5 Nd8 13. Qb3 b5 14. Rac1 Qb7 15. a3 Ng4 16. h3 Nxe3 17. Rxe3 f5 18. exf5 Bxf5 19. Nxe5 Nf7 20. Nc6 Bg5 21. f4 Bf6 22. Kh2 Rae8 23. Rce1 Rxe3 24. Rxe3 Qb6 25. Ne4 Bxb2 26. Ne7+ Kh8 27. Nxf5 1-0